000 00392nam a2200169Ia 4500
008 220204s9999 xx 000 0 und d
082 _a574
_bVIN.1
100 _aREES, N
245 0 _aPlant and animal biology. V 1
250 _aEd.4
260 _aLondon
_bPitman
650 _aBiology
650 _aParasitic plants
650 _aVascular plant
700 _aVINES, A E
942 _cBK
999 _c27200
_d27200